000 00508nam a22001817a 4500
005 20240515055425.0
008 240515b |||||||| |||| 00| 0 eng d
040 _aIN-DiNC
_cIN-DiNC
041 _dasm
082 _a294.513
_bCHA
100 _aChaliha, Purnima
_eauthor
245 _aSishu dharmamulak puthi/
_cby Purnima Chaliha
250 _a1st ed.
260 _aGuwahati:
_bNitu Mani Das and Niranjana Chaliha Das,
_c2022.
300 _a46p.
650 _aHindu mythological stories
942 _2ddc
_cBK
999 _c11812
_d11812